Sand
| Main Author: | |
|---|---|
| Other Authors: | |
| Format: | Book |
| Published: |
London :
Franklin Watts ,
1986
|
| Series: | Talkabout
|
| Subjects: |
MARC
| LEADER | 00000cam a2200000 7i4500 | ||
|---|---|---|---|
| 001 | 0000002776 | ||
| 002 | 000003006 | ||
| 005 | 20081110.0 | ||
| 020 | |a 0863134785 | ||
| 090 | 0 | 0 | |a J 030 |b WEB |
| 100 | 1 | |a Weeb, Angela | |
| 245 | 1 | 0 | |a Sand |c Angela Webb ; photography by Chris Fairclough |
| 260 | |a London : |b Franklin Watts , |c 1986 | ||
| 300 | |a 29 p. : |b ill. ; |c 22 cm. | ||
| 490 | 0 | |a Talkabout | |
| 650 | 0 | 0 | |a Sand |x Juvenile literature |
| 700 | 1 | |a Fairclough, Chris , |e photography by | |
| 999 | |a 036376 |b BUKU |c JUNIOR BOOKS |e PERPUSTAKAAN KOMUNITI PETALING JAYA | ||